| 000 | 00391nam a2200157Ia 4500 | ||
|---|---|---|---|
| 008 | 230917s9999||||xx |||||||||||||| ||und|| | ||
| 020 | _cPON7.95 | ||
| 040 |
_e19382 _aMAIN |
||
| 041 | _aEnglish | ||
| 082 | _a330.9048 F852R | ||
| 100 | _aFrank, Andre Gunder | ||
| 245 | 0 | _aReflections on the world economic crisis | |
| 260 |
_aLondon _bHutchinson _c1981 |
||
| 300 | _a164 p. | ||
| 942 | _cBK | ||
| 999 |
_c42914 _d42914 |
||